=LDR 00000nam 2200000 4500 =001 000429 =005 20250710040338 =035 ##$$a 0010-0725000291 =007 ta =008 250710################a##########0#ind## =020 ##$$a 978-623-307-626-5 =082 ##$$a 398.280.2 =084 ##$$a 398.280.2 LAT l =100 #$$a Latimer, Alex =245 1#$$a Lingkaran Kehidupan /$c Alex Latimer, Patrick Latimer, Gordon Latimer =250 ##$$a Cetakan Pertama =260 ##$$a Jakarta Timur :$b Badan Pengembangan dan Pembinaan Bahasa,$c 2024 =300 ##$$a 22 hlm. : $b ilus. ; $c 22,9 cm =650 #4$$a Cerita Anak Indonesia-Terjemahan =650 #4$$a Literasi-Bahan Bacaan =700 #$$a Latimer, Patrick =700 #$$a Latimer, Gordon =856 ##$$a TBM As Suhada =990 ##$$a TBM202400152